Vesialueita satelliittikuvien mukaan #2 - Statistics

Yleistilastot
  • Tätä visaa on pelattu 314 kertaa
  • Keskiarvotulos 9 / 16
Vastaustilastot
Kuvavisa Vastaus % Oikein
Mustameri
91%
Punainenmeri
90%
Pohjanmeri
85%
{Gibraltarin}salmi
84%
Baikaljärvi
70%
{Aral}järvi
69%
Bengalinlahti
63%
{Beringin}salmi
62%
Biskajanlahti
56%
Michiganjärvi
56%
Victorianjärvi
54%
{Irlannin}meri
42%
Yläjärvi
39%
Nicaraguajärvi
37%
Iso Karhujärvi
26%
Iso Suolajärvi
13%
Ehtoja vastaavia visoja ei löytynyt
Tulosjakauma
Jokaisen tuloksen saaneiden osuus
Persentiili vastausten määrän mukaan
Tuloshistoriasi
Et ole pelannut tätä visaa